Top Chef Winners - Statistics

General Stats
  • This quiz has been taken 35 times
  • The average score is 6 of 9
Answer Stats
Hint Answer % Correct
Top Chef All-Stars Richard Blais
100%
Season Four Stephanie Izard
83%
Season Six Michael Votaggio
80%
Season Five Hosea Rosenberg
77%
Season Three Hung Huynh
73%
Season One Harold Dieterle
63%
Season Two Ilan Hall
57%
Season Nine Paul Qui
50%
Season Seven Kevin Sbraga
47%
No matching quizzes found
Score Distribution
Percent of People with Each Score
Percentile by Number Answered
Your Score History
You have not taken this quiz